000 00533nam a2200193Ia 4500
008 240729s9999 xx 000 0 und d
022 _a2090-5920
245 0 _aJournal of Genetic Engineering and Biotechnology
260 _aUnited States
260 _bElsevier
650 _a Biology (General)
650 _a Biotechnology | Science
650 _a Chemical technology
650 _a Genetics
650 _aTechnology
856 _uhttps://doaj.org/toc/482d715f6aff4f8f88763179895adaa0
942 _2ddc
942 _cDOAJEJ
999 _c73913
_d73913
945 _a1
_bMadushi Gamage
_c1
_dMadushi Gamage